000 00213nam a2200097Ia 4500
008 170627s9999 xx 000 0 und d
100 _aCHOPRA-SUNIL
245 0 _aSUPPLY CHAIN MANAGEMENT
260 _bPHI
260 _c2006
546 _aENGLISH
999 _c35532
_d35532